000
00317nam a2200133Ia 4500
008
230917s9999||||xx |||||||||||||| ||und||
040
_e
115713
_a
MAIN
041
_a
English
082
_a
822.33 S15J
100
_a
Shakespear, William
245
0
_a
Julius caeser
260
_a
Delhi
_b
Peacock Books
_c
91
942
_c
BK
999
_c
143985
_d
143985